Tilastot visalle Helsingin tammikuut kylmyysjärjestyksessä

Klikkaa tästä pelataksesi tätä visaa!

Yleistilastot

  • Tätä visaa on pelattu 13 kertaa
  • Keskiarvotulos 3 / 105

Vastaustilastot

Keskilämpötila (C)Vuosi% Oikein
-16,51987
70%
32020
60%
-15,91942
40%
-13,91985
30%
1,41930
20%
-13,61838, 1867
10%
-14,41850, 1862
10%
-15,31861
10%
-13,11875
10%
-13,21893
10%
1,11925
10%
-12,41940
10%
-12,71941, 1968
10%
-10,41950, 2010
10%
0,62008
10%
-11,31829
0%
-8,91830
0%
-11,21831
0%
-4,51832, 1937
0%
-3,41833, 1938, 1955, 1959, 2012
0%
-10,71834
0%
-3,21835, 1984, 1997
0%
-7,21836, 1837
0%
-5,31839, 1864
0%
-7,61840
0%
-9,51841
0%
-5,81842
0%
-1,51843, 1988
0%
-8,51844, 1918
0%
-1,41845
0%
-8,11846, 1877, 1960
0%
-4,41847, 1945, 2011
0%
-10,81848
0%
-10,11849
0%
-5,41851, 1913, 1977
0%
-5,21852, 1908, 1954, 1996
0%
-3,11853, 1911, 1981, 1994
0%
-91854
0%
-7,41855
0%
-6,51856, 1879, 1900
0%
-9,41857
0%
-3,51858, 2021
0%
-1,91859, 1894, 1909, 1964, 1974, 2017
0%
-4,61860, 1946, 2019
0%
-1,11863, 1934, 2007
0%
-5,11865, 1903, 1999
0%
-0,11866, 2005
0%
-10,31868
0%
-6,81869, 1895, 1914, 1920, 1958
0%
-3,81870, 1953
0%
-9,11871
0%
-1,61872, 1957
0%
-2,51873, 1906
0%
0,31874
0%
-8,61876, 1970, 1982, 2003
0%
-5,71878, 2004
0%
-6,71880, 1947
0%
-10,91881
0%
01882
0%
-8,31883
0%
-3,71884, 2006
0%
-4,21885
0%
-71886
0%
-2,11887
0%
-81888, 1922, 1969
0%
-41889, 1916
0%
-2,71890, 1936, 1962, 1965, 1990, 2002
0%
-6,41891
0%
-9,31892
0%
-31896, 1919
0%
-8,71897, 1907
0%
-1,21898, 1904, 2018
0%
-6,31899, 1905
0%
-2,41901
0%
-6,21902, 1924, 1948, 1956
0%
-2,91910
0%
-8,41912, 1963, 1976
0%
-6,91915, 1929, 1931
0%
-8,81917, 2016
0%
-4,91921, 2013
0%
-21923, 1991, 1995
0%
-9,71926, 1967
0%
-5,61927, 1951
0%
-4,31928, 1933
0%
-0,61932
0%
-4,11935
0%
-5,51939
0%
-7,31943
0%
-2,31944
0%
-0,81949
0%
-1,31952, 1971
0%
-2,21961, 2000
0%
-11,61966
0%
-7,11972
0%
-11973, 1998, 2001
0%
-0,31975, 1983
0%
-4,71978
0%
-7,51979
0%
-7,41980
0%
-6,61986
0%
0,51989
0%
-0,71992, 1993
0%
-2,82009
0%
-5,92014
0%
-0,92015
0%

Tulosjakauma

Persentiili vastausten määrän mukaan

Jokaisen tuloksen saaneiden osuus

Tuloshistoriasi

Et ole pelannut tätä visaa